[Event "Kramnik Challenge 2021"]
[Site "chess24.com INT"]
[Date "2021.08.12"]
[Round "1.1"]
[White "Maurizzi, Marc Andria"]
[Black "Yip, Carissa"]
[Result "0-1"]
[WhiteTitle "IM"]
[BlackTitle "IM"]
[WhiteElo "2488"]
[BlackElo "2404"]
[WhiteFideId "36083534"]
[BlackFideId "2090732"]
[EventDate "2021.08.12"]

1. e4 c5 2. Nf3 d6 3. Nc3 g6 4. Bc4 Bg7 5. d3 Nc6 6. h3 e6 7. O-O Nge7 8. a3 O-O
9. Ba2 Rb8 10. Be3 Nd4 11. Nh2 b5 12. Qd2 h5 13. Nd1 e5 14. f4 exf4 15. Bxf4 Be6
16. c3 Bxa2 17. Rxa2 Ne6 18. Bh6 d5 19. Nf2 Nc6 20. Nf3 d4 21. Bxg7 Kxg7 22.
Raa1 Qc7 23. Rac1 Rbd8 24. b4 Ne5 25. Nxe5 Qxe5 26. c4 a6 27. cxb5 axb5 28. bxc5
Nxc5 29. Qb4 Ne6 30. Rb1 Rb8 31. Rfc1 Qg3 32. Qe1 Nf4 33. Qf1 Rfc8 34. Kh1 Qg5
35. Kh2 Rxc1 36. Rxc1 Ne2 37. Rc2 Qf4+ 38. g3 Nxg3 39. Qc1 Nf1+ 40. Kg1 Ne3 41.
Nh1 Qg5+ 42. Kh2 Rc8 0-1

[Event "Kramnik Challenge 2021"]
[Site "chess24.com INT"]
[Date "2021.08.12"]
[Round "1.2"]
[White "Khademalsharieh, Sarasadat"]
[Black "Bjerre, Jonas Buhl"]
[Result "0-1"]
[WhiteTitle "IM"]
[BlackTitle "GM"]
[WhiteElo "2494"]
[BlackElo "2550"]
[WhiteFideId "12512214"]
[BlackFideId "1444948"]
[EventDate "2021.08.12"]

1. d4 Nf6 2. c4 e6 3. Nf3 c5 4. d5 exd5 5. cxd5 d6 6. Nc3 g6 7. e4 Bg7 8. Nd2
O-O 9. Be2 Na6 10. O-O Nc7 11. a4 b6 12. f4 Re8 13. Kh1 Rb8 14. Bf3 Ba6 15. Re1
Bd3 16. Nb3 c4 17. Nd4 Nfxd5 18. Nc6 Nxc3 19. bxc3 Qc8 20. Nxb8 Qxb8 21. Bd2 Ne6
22. a5 b5 23. f5 Nc5 24. a6 Bxe4 25. fxg6 hxg6 26. Rf1 d5 27. Ra2 Be5 28. Be3
Nd3 29. Bd4 Bxd4 30. cxd4 b4 31. Bxe4 Rxe4 32. Re2 Qe8 33. Rxe4 Qxe4 34. Qa4 Qe2
35. Rb1 Ne1 0-1

[Event "Kramnik Challenge 2021"]
[Site "chess24.com INT"]
[Date "2021.08.12"]
[Round "1.3"]
[White "Abdusattorov, Nodirbek"]
[Black "Shuvalova, Polina"]
[Result "1/2-1/2"]
[WhiteTitle "GM"]
[BlackTitle "IM"]
[WhiteElo "2634"]
[BlackElo "2507"]
[WhiteFideId "14204118"]
[BlackFideId "24171760"]
[EventDate "2021.08.12"]

1. d4 Nf6 2. c4 e6 3. Nc3 Bb4 4. Nf3 b6 5. Bg5 Bb7 6. e3 h6 7. Bh4 g5 8. Bg3 Ne4
9. Qc2 Bxc3+ 10. bxc3 Nxg3 11. hxg3 Nc6 12. Nd2 Qe7 13. Nb3 d6 14. g4 O-O-O 15.
Be2 Kb8 16. Rb1 Rdf8 17. e4 h5 18. gxh5 f5 19. exf5 exf5 20. Kf1 g4 21. Qd2 Qg7
22. d5 Ne5 23. Nd4 f4 24. Ne6 Qh7 25. Rd1 f3 26. Bd3 fxg2+ 27. Kxg2 Qf7 28. Nxf8
Bxd5+ 29. cxd5 Qxd5+ 30. Kg3 Qf3+ 31. Kh4 Qf6+ 32. Kg3 Qf3+ 33. Kh4 Qf6+ 34. Kg3
Qf3+ 1/2-1/2

[Event "Kramnik Challenge 2021"]
[Site "chess24.com INT"]
[Date "2021.08.12"]
[Round "1.4"]
[White "Murzin, Volodar"]
[Black "Yoo, Christopher Woojin"]
[Result "0-1"]
[WhiteTitle "IM"]
[BlackTitle "IM"]
[WhiteElo "2505"]
[BlackElo "2466"]
[WhiteFideId "44155573"]
[BlackFideId "30909694"]
[EventDate "2021.08.12"]

1. e4 c5 2. Nc3 e6 3. Nge2 Nc6 4. g3 Nf6 5. Bg2 d6 6. O-O Be7 7. d3 O-O 8. f4 a6
9. h3 Nd7 10. Be3 b5 11. Qd2 b4 12. Nd1 a5 13. g4 Nb6 14. f5 d5 15. g5 d4 16.
Bf4 e5 17. f6 exf4 18. fxe7 Qxe7 19. Qxf4 Ne5 20. Ng3 f6 21. gxf6 Rxf6 22. Nf5
Bxf5 23. exf5 Raf8 24. Be4 Qd6 25. Nf2 Nd5 26. Bxd5+ Qxd5 27. Ne4 Rxf5 28. Qxf5
Rxf5 29. Rxf5 h6 30. b3 Qe6 31. Raf1 c4 32. bxc4 Nxc4 33. R1f3 a4 34. Rb5 Ne3
35. Rg3 Qxa2 36. Rb8+ Kf7 37. Rb7+ Ke6 38. Rg6+ Ke5 39. Re7+ Kf4 40. Rf7+ Qxf7 0-1

[Event "Kramnik Challenge 2021"]
[Site "chess24.com INT"]
[Date "2021.08.12"]
[Round "1.6"]
[White "Daggupati, Balaji"]
[Black "Saduakassova, Dinara"]
[Result "1/2-1/2"]
[WhiteTitle "FM"]
[BlackTitle "IM"]
[WhiteElo "2429"]
[BlackElo "2483"]
[WhiteFideId "2090759"]
[BlackFideId "13700090"]
[EventDate "2021.08.12"]

1. e4 e5 2. f4 exf4 3. Bc4 d6 4. d4 Nf6 5. Nc3 Be6 6. Bxe6 fxe6 7. Bxf4 Be7 8.
Nh3 O-O 9. O-O h6 10. Be3 e5 11. dxe5 dxe5 12. Nd5 Nbd7 13. Qd3 c6 14. Nxf6+
Nxf6 15. Qb3+ Kh7 16. Qxb7 Rb8 17. Qxc6 Rxb2 18. Qc3 Qb8 19. Qd3 Rd8 20. Qe2 Qc7
21. Rac1 Rxa2 22. Qf2 Kg8 23. Qf5 Qd7 24. Qxe5 Bd6 25. Qc3 Qe6 26. Nf2 Be5 27.
Qb3 Qxb3 28. cxb3 Rb8 29. Rc5 Rxb3 30. Rxe5 Rxe3 31. Rf5 Ree2 32. e5 Nd7 33. e6
Rxe6 34. Nd3 Ree2 35. R5f2 Rxf2 36. Nxf2 Ne5 37. Ne4 a5 38. h3 a4 39. Rf5 Nc4
40. Nc3 Ra1+ 41. Kf2 a3 42. Rc5 Rc1 43. Rxc4 a2 44. Ra4 a1=Q 45. Rxa1 Rxa1 46.
Ne4 Kf7 47. Kg3 Ra2 48. Kh2 Ke6 49. Nc5+ Kf5 50. Nd3 Rd2 51. Ne1 Kf4 52. Nf3 Rd1
53. Ng1 Rd2 54. Nf3 Ra2 55. Ne1 g5 56. Nd3+ Kf5 57. Ne1 Re2 58. Nf3 Kf4 59. Nd4
Ra2 60. Nf3 h5 61. Ne1 Rd2 62. Nf3 Rd5 63. Ng1 Re5 64. Nf3 Ra5 65. Nd4 Ra2 66.
Ne6+ Kf5 67. Nd4+ Ke5 68. Nf3+ Kf4 69. Ne1 Rd2 70. Nf3 Rd1 71. Ng1 g4 72. hxg4
hxg4 73. Ne2+ Ke3 74. Ng3 Rd5 75. Kg1 Ra5 76. Kh2 Kf4 77. Ne2+ Kg5 78. Ng3 Ra1
79. Ne2 Ra2 80. Ng3 Ra8 81. Kg1 Kf4 82. Ne2+ Ke3 83. Ng3 Rh8 84. Kf1 Kf4 85.
Ne2+ Kg5 86. Ng3 Kh4 87. Nf5+ Kg5 88. Ng3 Ra8 89. Kg1 Ra5 90. Kh2 Kh4 91. Ne4
Ra3 92. g3+ Kh5 93. Kg2 Ra2+ 94. Kf1 Kg6 95. Nf2 Kf5 96. Kg1 Ra8 97. Kf1 Rg8 98.
Ke2 Ke5 99. Ke3 Rh8 100. Nxg4+ Kf5 101. Nf2 Re8+ 102. Kf3 Kg5 1/2-1/2

[Event "Kramnik Challenge 2021"]
[Site "chess24.com INT"]
[Date "2021.08.12"]
[Round "1.7"]
[White "Zhu, Jiner"]
[Black "Liang, Awonder"]
[Result "1/2-1/2"]
[WhiteTitle "WGM"]
[BlackTitle "GM"]
[WhiteElo "2455"]
[BlackElo "2587"]
[WhiteFideId "8608059"]
[BlackFideId "2056437"]
[EventDate "2021.08.12"]

1. e4 e5 2. Nf3 Nc6 3. Bb5 a6 4. Ba4 d6 5. O-O Bd7 6. c4 g6 7. d4 Bg7 8. d5 Nce7
9. Nc3 h6 10. Ne1 Nf6 11. Nd3 O-O 12. Bxd7 Nxd7 13. Be3 f5 14. f3 Kh7 15. b4 Nf6
16. c5 g5 17. h3 Qe8 18. Nb2 Qg6 19. exf5 Nxf5 20. Bf2 e4 21. fxe4 Nxe4 22. Nxe4
Bxb2 23. Rb1 Be5 24. Rc1 Rf7 25. cxd6 cxd6 26. Bb6 Raf8 27. Qe2 Bf4 28. Rce1 Re7
29. g4 Ne3 30. Bxe3 Qxe4 31. Rf3 Rfe8 32. Kf2 Qxd5 33. Qc2+ Qe4 34. Qc3 d5 35.
Bd2 Bxd2 36. Rxe4 Bxc3 37. Rxe7+ Rxe7 38. Rxc3 Kg6 39. Rc5 Rd7 40. Ke3 Kf6 41.
Kd4 Ke6 42. b5 Rf7 43. bxa6 Rf4+ 44. Ke3 bxa6 45. Rc6+ Ke5 46. Rxa6 h5 47. Rg6
Re4+ 48. Kd3 Rd4+ 49. Ke3 Re4+ 50. Kd3 Rd4+ 51. Ke3 Re4+ 1/2-1/2

[Event "Kramnik Challenge 2021"]
[Site "chess24.com INT"]
[Date "2021.08.12"]
[Round "1.8"]
[White "Lei, Tingjie"]
[Black "Mendonca, Leon Luke"]
[Result "1-0"]
[WhiteTitle "GM"]
[BlackTitle "GM"]
[WhiteElo "2505"]
[BlackElo "2537"]
[WhiteFideId "8605114"]
[BlackFideId "35028561"]
[EventDate "2021.08.12"]

1. d4 Nf6 2. c4 c6 3. Nf3 d5 4. Qb3 e6 5. Bg5 h6 6. Bh4 g5 7. Bg3 Ne4 8. e3 Nd7
9. Nfd2 Nxg3 10. hxg3 Bg7 11. Nc3 O-O 12. O-O-O Qe7 13. g4 a6 14. e4 dxc4 15.
Nxc4 b5 16. Na5 c5 17. Nc6 Qd6 18. d5 c4 19. Qb4 Qxb4 20. Nxb4 Nc5 21. f3 Bb7
22. Be2 Rfd8 23. Rd2 Be5 24. Kc2 Kg7 25. dxe6 Rxd2+ 26. Kxd2 Rd8+ 27. Ke3 Bd4+
28. Kd2 fxe6 29. Nc2 Be5+ 30. Kc1 Bc6 31. Rd1 Bf4+ 32. Kb1 Rxd1+ 33. Nxd1 Kf6
34. Nd4 Bb7 35. Nc2 Ke5 36. Nc3 Bd2 37. Nb4 Bxc3 38. bxc3 Kf4 39. Nc2 Kg3 40.
Nd4 Kxg2 41. Kc2 Kf2 42. Kd2 1-0

[Event "Kramnik Challenge 2021"]
[Site "chess24.com INT"]
[Date "2021.08.12"]
[Round "2.1"]
[White "Yip, Carissa"]
[Black "Mendonca, Leon Luke"]
[Result "1/2-1/2"]
[WhiteTitle "IM"]
[BlackTitle "GM"]
[WhiteElo "2404"]
[BlackElo "2537"]
[WhiteFideId "2090732"]
[BlackFideId "35028561"]
[EventDate "2021.08.12"]

1. e4 c5 2. Nf3 Nc6 3. d4 cxd4 4. Nxd4 g6 5. Nc3 Bg7 6. Be3 Nf6 7. Bc4 O-O 8.
Bb3 d6 9. f3 Qa5 10. Qd2 Nxd4 11. Bxd4 Be6 12. O-O-O b5 13. Kb1 b4 14. Ne2 Bxb3
15. cxb3 Rfc8 16. g4 Rc6 17. Rc1 Ra6 18. Rc4 Qxa2+ 19. Kc2 d5 20. exd5 Rd6 21.
Qxb4 Nxd5 22. Qa3 Qxa3 23. bxa3 Bxd4 24. Rxd4 e6 25. Kb2 Rc6 26. Rc1 Rxc1 27.
Nxc1 Kg7 28. Nd3 Rb8 29. b4 g5 30. Kb3 h5 31. h4 Rh8 32. gxh5 Rxh5 33. hxg5 Rxg5
34. a4 Rg3 35. Rg4+ Rxg4 36. fxg4 Kg6 37. Ne5+ Kg5 38. Nxf7+ Kxg4 39. b5 Kf4 40.
a5 e5 41. Nxe5 Kxe5 42. b6 Nxb6 43. axb6 axb6 44. Kb4 Kd6 45. Kb5 Kc7 46. Kb4
Kc6 47. Kc4 b5+ 48. Kb4 Kb6 49. Kb3 Kc5 50. Kc3 b4+ 51. Kb3 Kb5 52. Kb2 Kc4 53.
Kc2 b3+ 54. Kb2 Kb4 55. Kb1 Kc3 56. Kc1 b2+ 57. Kb1 Kb3 1/2-1/2

[Event "Kramnik Challenge 2021"]
[Site "chess24.com INT"]
[Date "2021.08.12"]
[Round "2.2"]
[White "Liang, Awonder"]
[Black "Lei, Tingjie"]
[Result "1-0"]
[WhiteTitle "GM"]
[BlackTitle "GM"]
[WhiteElo "2587"]
[BlackElo "2505"]
[WhiteFideId "2056437"]
[BlackFideId "8605114"]
[EventDate "2021.08.12"]

1. e4 e5 2. Nf3 Nc6 3. Bb5 Nf6 4. d3 Bc5 5. c3 O-O 6. O-O d5 7. Nbd2 dxe4 8.
dxe4 a5 9. h3 Qe7 10. Qe2 Na7 11. Ba4 Nh5 12. Rd1 Nf4 13. Qf1 b5 14. Bc2 a4 15.
b4 Bd6 16. Nb1 c5 17. Bxf4 exf4 18. e5 Bc7 19. Na3 cxb4 20. Nxb5 Ba6 21. c4 Nxb5
22. cxb5 Bb7 23. Qe2 Bxf3 24. Qxf3 Bxe5 25. Re1 g6 26. Rad1 b3 27. Bb1 Rab8 28.
Rd5 f6 29. axb3 a3 30. Ba2 Rfd8 31. Red1 Kh8 32. h4 Rxd5 33. Qxd5 Qc7 34. b4 Qc2
35. b6 Kg7 36. Qf7+ Kh6 37. Rd7 Qc1+ 38. Kh2 f3+ 39. g3 Bxg3+ 40. Kxg3 Qg1+ 41.
Kxf3 Qh1+ 42. Ke3 Qe1+ 43. Kd3 Qd1+ 44. Kc4 Qe2+ 45. Kb3 Qb2+ 46. Ka4 Ra8+ 47.
Ra7 Qc2+ 48. Ka5 1-0

[Event "Kramnik Challenge 2021"]
[Site "chess24.com INT"]
[Date "2021.08.12"]
[Round "2.3"]
[White "Saduakassova, Dinara"]
[Black "Zhu, Jiner"]
[Result "1-0"]
[WhiteTitle "IM"]
[BlackTitle "WGM"]
[WhiteElo "2483"]
[BlackElo "2455"]
[WhiteFideId "13700090"]
[BlackFideId "8608059"]
[EventDate "2021.08.12"]

1. d4 Nf6 2. Nf3 e6 3. c4 d5 4. g3 Bb4+ 5. Bd2 Be7 6. Bg2 O-O 7. O-O c6 8. Qc2
b6 9. Bf4 Nbd7 10. Rd1 Ba6 11. Nbd2 Nh5 12. Be3 Nhf6 13. b3 Rc8 14. Rac1 Ba3 15.
Rb1 Qe7 16. Bg5 h6 17. Bxf6 Nxf6 18. e4 c5 19. exd5 exd5 20. Re1 Qd6 21. Rbd1
Bb4 22. Re3 Rfd8 23. Rd3 Qb8 24. Qb2 Bxd2 25. Nxd2 dxc4 26. Nxc4 Bxc4 27. bxc4
cxd4 28. Rxd4 Rxd4 29. Qxd4 Qc7 30. Bd5 Qc5 31. Qf4 Re8 32. Kg2 Re2 33. Rd2 Rxd2
34. Qxd2 b5 35. Qd3 b4 36. Bf3 a5 37. Qd8+ Kh7 38. Qd3+ g6 39. Qc2 Kg7 40. h3 h5
41. Kg1 Nd7 42. Qb2+ Qe5 43. Qd2 Nc5 44. Bd5 Qa1+ 45. Kg2 Qe5 46. h4 Qf6 47. Qe3 1-0

[Event "Kramnik Challenge 2021"]
[Site "chess24.com INT"]
[Date "2021.08.12"]
[Round "2.4"]
[White "Sokolovsky, Yahli"]
[Black "Daggupati, Balaji"]
[Result "0-1"]
[WhiteTitle "FM"]
[BlackTitle "FM"]
[WhiteElo "2415"]
[BlackElo "2429"]
[WhiteFideId "2820242"]
[BlackFideId "2090759"]
[EventDate "2021.08.12"]

1. e4 c5 2. Nf3 e6 3. d4 cxd4 4. Nxd4 Nf6 5. Nc3 Nc6 6. Nxc6 bxc6 7. e5 Nd5 8.
Ne4 Qc7 9. f4 Qb6 10. c4 Ne3 11. Qe2 Bb4+ 12. Nc3 Nf5 13. g4 Nd4 14. Qd3 h5 15.
a3 Bxc3+ 16. bxc3 Nb3 17. Be3 Qa5 18. Rb1 Nc5 19. Qd4 Na4 20. Kd2 hxg4 21. c5
O-O 22. Rb4 Nb6 23. cxb6 axb6 24. Bd3 c5 25. Qe4 g6 26. Rb3 Qa7 27. Qg2 c4 28.
Bxg6 fxg6 29. Qxg4 Kf7 30. Rg1 cxb3 31. Qxg6+ Ke7 32. f5 Kd8 33. f6 Kc7 34. f7
Qxa3 35. Bd4 Qb2+ 36. Ke3 Qc2 37. Qg7 Ba6 38. Qf6 Qd3+ 39. Kf4 Qf5+ 40. Qxf5
exf5 0-1

[Event "Kramnik Challenge 2021"]
[Site "chess24.com INT"]
[Date "2021.08.12"]
[Round "2.6"]
[White "Shuvalova, Polina"]
[Black "Murzin, Volodar"]
[Result "0-1"]
[WhiteTitle "IM"]
[BlackTitle "IM"]
[WhiteElo "2507"]
[BlackElo "2505"]
[WhiteFideId "24171760"]
[BlackFideId "44155573"]
[EventDate "2021.08.12"]

1. e4 c6 2. d4 d5 3. exd5 cxd5 4. Bd3 Nc6 5. c3 Qc7 6. Ne2 Bg4 7. O-O e6 8. Qe1
Nf6 9. Bg5 h6 10. Bf4 Bd6 11. Bxd6 Qxd6 12. f3 Bh5 13. Qg3 Qxg3 14. hxg3 Ne7 15.
Nf4 g5 16. Nxh5 Nxh5 17. Kf2 Kf8 18. Nd2 Kg7 19. Rae1 Nf6 20. Rh1 Nc8 21. g4 Nd6
22. Nf1 b5 23. Nd2 a5 24. a4 Nc4 25. Bxc4 bxc4 26. Rb1 Rhc8 27. b3 cxb3 28. Rxb3
Ne8 29. Ke3 Nd6 30. Kd3 Nc4 31. Rb5 Nxd2 32. Kxd2 Ra7 33. Ra1 Kg6 34. Kd3 h5 35.
Rc5 Rac7 36. Rxc7 Rxc7 37. gxh5+ Kxh5 38. Rh1+ Kg6 39. Rb1 Rc4 40. Ra1 Kf5 41.
g3 e5 42. Re1 f6 43. dxe5 fxe5 44. Rh1 Rxa4 45. Rh8 Ra3 46. Rf8+ Ke6 47. Re8+
Kf6 48. Rf8+ Ke7 49. Rf5 Kd6 50. Rf6+ Kc5 51. Re6 g4 52. Rxe5 gxf3 53. Rf5 a4
54. Rxf3 Ra2 55. Rf8 Rg2 56. Rc8+ Kd6 57. Rd8+ Kc6 58. Rc8+ Kd7 59. Rc5 Rxg3+
60. Kc2 Kd6 61. Ra5 Rg4 62. Kb2 Rc4 63. Ra8 Ke5 64. Re8+ Kf4 65. Re7 Re4 66. Rd7
Ke5 67. Re7+ Kd6 68. Ra7 Kc5 69. Ra5+ Kc6 70. Ra8 Kb5 71. Ra7 Re2+ 72. Ka3 Rc2
73. Rb7+ Kc6 74. Rb8 Rxc3+ 75. Kxa4 Kc5 76. Rh8 Kc4 77. Rh4+ d4 78. Rg4 Rc2 79.
Ka3 Kc3 80. Rg8 d3 81. Rd8 Rc1 82. Rc8+ Kd2 83. Re8 Rb1 84. Rh8 Kc2 85. Ka2 Rb5
86. Rc8+ Kd1 87. Rc7 d2 88. Re7 Kc2 89. Rc7+ Kd3 90. Rd7+ Kc3 91. Rc7+ Kd4 0-1

[Event "Kramnik Challenge 2021"]
[Site "chess24.com INT"]
[Date "2021.08.12"]
[Round "2.7"]
[White "Bjerre, Jonas Buhl"]
[Black "Abdusattorov, Nodirbek"]
[Result "0-1"]
[WhiteTitle "GM"]
[BlackTitle "GM"]
[WhiteElo "2550"]
[BlackElo "2634"]
[WhiteFideId "1444948"]
[BlackFideId "14204118"]
[EventDate "2021.08.12"]

1. e4 e5 2. Nf3 d6 3. d4 exd4 4. Nxd4 Nf6 5. Nc3 Be7 6. g3 O-O 7. Bg2 Re8 8. O-O
Bf8 9. h3 Nbd7 10. Re1 c6 11. Bf4 Ne5 12. a4 a5 13. b3 Bd7 14. Qd2 Qb6 15. Rad1
Ng6 16. Bg5 Be7 17. Nf5 Bxf5 18. exf5 Ne5 19. Bxf6 gxf6 20. Qh6 Qd8 21. Ne4 d5
22. c4 d4 23. c5 d3 24. f4 Qd4+ 25. Nf2 Bf8 26. Qh5 Nd7 27. Rxe8 Rxe8 28. Rxd3
Qa1+ 29. Kh2 Nxc5 30. Rd1 Qb2 31. Nd3 Qxb3 32. Nxc5 Bxc5 33. Rd7 Rf8 34. Qe2 Kh8
35. h4 Rg8 36. Qf3 Qb1 37. Rxf7 Bg1+ 38. Kh3 Qxf5+ 39. g4 Qe6 40. Rxb7 h5 41.
Qd1 Qe3+ 42. Bf3 hxg4+ 43. Kg2 Qf2+ 0-1

[Event "Kramnik Challenge 2021"]
[Site "chess24.com INT"]
[Date "2021.08.12"]
[Round "2.8"]
[White "Maurizzi, Marc Andria"]
[Black "Khademalsharieh, Sarasadat"]
[Result "0-1"]
[WhiteTitle "IM"]
[BlackTitle "IM"]
[WhiteElo "2488"]
[BlackElo "2494"]
[WhiteFideId "36083534"]
[BlackFideId "12512214"]
[EventDate "2021.08.12"]

1. e4 e5 2. Nf3 Nc6 3. Bb5 Bc5 4. d3 d6 5. c3 Bd7 6. Nbd2 a6 7. Ba4 Nf6 8. h3 h6
9. Nf1 Qe7 10. Ng3 O-O-O 11. b4 Bb6 12. b5 axb5 13. Bxb5 d5 14. Qa4 dxe4 15.
dxe4 Na5 16. Rb1 Kb8 17. Be3 Bc6 18. O-O Nd7 19. Nf5 Qf6 20. Bxc6 Nxc6 21. Rb3
g6 22. Ra3 Kc8 23. Ng3 Bxe3 24. fxe3 Nb6 25. Qb5 Qd6 26. Rb3 Rhe8 27. a4 Qd3 28.
Qc5 Qc4 29. Qa3 Qxa4 30. Qb2 Qc4 31. Ra1 Rd3 32. Nd2 Qc5 33. Ngf1 Red8 34. Kh1
f5 35. Rb5 Qxc3 36. Qxc3 Rxc3 37. exf5 gxf5 38. Nf3 Rd5 39. Rb2 Rdc5 40. Rd2 Rc1
41. Rxc1 Rxc1 42. Kg1 Nc4 43. Re2 b5 44. Kf2 b4 45. N1d2 N6a5 46. e4 f4 47. Nxc4
Nxc4 48. Ne1 b3 49. Nd3 Rc3 0-1

[Event "Kramnik Challenge 2021"]
[Site "chess24.com INT"]
[Date "2021.08.12"]
[Round "3.1"]
[White "Khademalsharieh, Sarasadat"]
[Black "Yip, Carissa"]
[Result "1-0"]
[WhiteTitle "IM"]
[BlackTitle "IM"]
[WhiteElo "2494"]
[BlackElo "2404"]
[WhiteFideId "12512214"]
[BlackFideId "2090732"]
[EventDate "2021.08.12"]

1. d4 g6 2. g3 d5 3. Bg2 Bg7 4. Nf3 e6 5. Nbd2 c5 6. dxc5 Qa5 7. O-O Qxc5 8. e4
d4 9. Nb3 Qb6 10. Nbxd4 Nf6 11. Qe2 O-O 12. c3 Nbd7 13. e5 Nd5 14. h4 a6 15. h5
Qc7 16. Re1 Rb8 17. c4 Ne7 18. Bf4 b6 19. hxg6 hxg6 20. Ng5 Qa7 21. Qg4 Re8 22.
Qh4 Nf8 23. Ne4 Nf5 24. Nxf5 exf5 25. Nf6+ Bxf6 26. exf6 Ne6 27. Bxb8 Qxb8 28.
Qh6 Qc7 29. Bd5 Bb7 30. Rxe6 fxe6 31. Qxg6+ Kf8 32. Qg7+ 1-0

[Event "Kramnik Challenge 2021"]
[Site "chess24.com INT"]
[Date "2021.08.12"]
[Round "3.2"]
[White "Abdusattorov, Nodirbek"]
[Black "Maurizzi, Marc Andria"]
[Result "1-0"]
[WhiteTitle "GM"]
[BlackTitle "IM"]
[WhiteElo "2634"]
[BlackElo "2488"]
[WhiteFideId "14204118"]
[BlackFideId "36083534"]
[EventDate "2021.08.12"]

1. e4 e5 2. Nf3 Nc6 3. Bb5 a6 4. Ba4 Nf6 5. O-O Bc5 6. c3 b5 7. Bb3 d6 8. a4 Rb8
9. d4 Bb6 10. a5 Ba7 11. h3 Bb7 12. Be3 Nxe4 13. Re1 Ne7 14. dxe5 Bxe3 15. Rxe3
dxe5 16. Nxe5 Qxd1+ 17. Bxd1 f6 18. Nd3 Rd8 19. Bf3 Kf7 20. Na3 Nd6 21. Nc5 Bxf3
22. Rxf3 Ra8 23. Nc2 Nc6 24. Nb4 Nxb4 25. cxb4 Rhe8 26. Rc3 Re7 27. Rac1 h5 28.
Kf1 Ra7 29. f3 Nf5 30. Kf2 h4 31. Rd1 Nd6 32. b3 Ra8 33. Re1 Rxe1 34. Kxe1 Ra7
35. Kf2 Ke7 36. Re3+ Kf7 37. f4 Nb7 38. Ne6 Nd6 39. Kf3 Nf5 40. Nd8+ Kg6 41. Rc3
Ra8 42. Rd3 Rc8 43. Ne6 Re8 44. Nxc7 Re1 45. Nxa6 Rf1+ 46. Ke4 Ng3+ 47. Kd5 Ne2
48. Kc6 Nxf4 49. Rd2 Rb1 50. Nc7 Rxb3 51. a6 Ra3 52. Kxb5 1-0

[Event "Kramnik Challenge 2021"]
[Site "chess24.com INT"]
[Date "2021.08.12"]
[Round "3.3"]
[White "Murzin, Volodar"]
[Black "Bjerre, Jonas Buhl"]
[Result "1/2-1/2"]
[WhiteTitle "IM"]
[BlackTitle "GM"]
[WhiteElo "2505"]
[BlackElo "2550"]
[WhiteFideId "44155573"]
[BlackFideId "1444948"]
[EventDate "2021.08.12"]

1. e4 c5 2. Nf3 d6 3. Bb5+ Bd7 4. Bxd7+ Nxd7 5. O-O Ngf6 6. Qe2 e6 7. c3 Be7 8.
d4 O-O 9. Rd1 Qc7 10. Bf4 Rac8 11. dxc5 Qxc5 12. Nbd2 a6 13. h3 Rfd8 14. Bg3 Nb6
15. e5 dxe5 16. Nxe5 Na4 17. Nb3 Qb5 18. Qc2 Qe8 19. Nd4 b5 20. Qe2 Bc5 21. Bh4
Be7 22. Rd2 Rd5 23. Rad1 Nd7 24. Bg3 Bg5 25. Rd3 Nac5 26. Rf3 Nf6 27. h4 Bh6 28.
Re1 Nce4 29. Bh2 b4 30. Qxa6 bxc3 31. bxc3 Rdc5 32. Nxf7 Nd2 33. Nxh6+ Kh8 34.
Rxf6 gxf6 35. Rxe6 Qg6 36. Bf4 Qb1+ 37. Kh2 Nf1+ 38. Kh3 Rxc3+ 39. g3 Nd2 40.
Re8+ Kg7 41. Ndf5+ Kg6 42. h5+ Kxh5 43. Qe2+ Nf3 44. g4+ Kg6 45. Ne7+ Kg7 46.
Nhf5+ Kf7 47. Nd6+ Kg7 48. Nef5+ Kg6 49. Ne7+ Kg7 50. Ndf5+ Kf7 51. Nh6+ Kg7 52.
Nhf5+ 1/2-1/2

[Event "Kramnik Challenge 2021"]
[Site "chess24.com INT"]
[Date "2021.08.12"]
[Round "3.5"]
[White "Daggupati, Balaji"]
[Black "Yoo, Christopher Woojin"]
[Result "0-1"]
[WhiteTitle "FM"]
[BlackTitle "IM"]
[WhiteElo "2429"]
[BlackElo "2466"]
[WhiteFideId "2090759"]
[BlackFideId "30909694"]
[EventDate "2021.08.12"]

1. e4 c5 2. Nf3 e6 3. Nc3 Nc6 4. Bb5 Nd4 5. O-O a6 6. Bd3 Nc6 7. b3 d6 8. Bb2
Nf6 9. Re1 Nd7 10. Bf1 Nde5 11. Nxe5 dxe5 12. Ne2 Be7 13. c3 O-O 14. d4 cxd4 15.
cxd4 Bb4 16. dxe5 Qa5 17. a3 Bxe1 18. b4 Bxf2+ 19. Kxf2 Qb6+ 20. Kf3 Rd8 21. Qb3
Bd7 22. Kg3 Rac8 23. Nf4 Ne7 24. a4 Ng6 25. Nh5 Bc6 26. a5 Qc7 27. Qe3 Qe7 28.
Nf6+ gxf6 29. exf6 Qd6+ 30. Kh3 Qf4 0-1

[Event "Kramnik Challenge 2021"]
[Site "chess24.com INT"]
[Date "2021.08.12"]
[Round "3.6"]
[White "Zhu, Jiner"]
[Black "Sokolovsky, Yahli"]
[Result "1-0"]
[WhiteTitle "WGM"]
[BlackTitle "FM"]
[WhiteElo "2455"]
[BlackElo "2415"]
[WhiteFideId "8608059"]
[BlackFideId "2820242"]
[EventDate "2021.08.12"]

1. e4 e5 2. Nf3 Nc6 3. Bb5 a6 4. Ba4 Nf6 5. O-O Be7 6. Re1 b5 7. Bb3 O-O 8. c3
d5 9. exd5 Nxd5 10. Nxe5 Nxe5 11. Rxe5 c6 12. d3 Bd6 13. Re1 Bf5 14. Qf3 Qf6 15.
Be3 Qg6 16. Bxd5 cxd5 17. Bf4 Rae8 18. Nd2 Bg4 19. Qg3 Bxf4 20. Qxf4 Qxd3 21.
Nb3 f5 22. f3 Bh5 23. Nd4 Bf7 24. a3 g6 25. h4 Rxe1+ 26. Rxe1 Re8 27. Rxe8+ Bxe8
28. Kh2 Bf7 29. h5 gxh5 30. Nxf5 Be6 31. Qg5+ 1-0

[Event "Kramnik Challenge 2021"]
[Site "chess24.com INT"]
[Date "2021.08.12"]
[Round "3.7"]
[White "Lei, Tingjie"]
[Black "Saduakassova, Dinara"]
[Result "1/2-1/2"]
[WhiteTitle "GM"]
[BlackTitle "IM"]
[WhiteElo "2505"]
[BlackElo "2483"]
[WhiteFideId "8605114"]
[BlackFideId "13700090"]
[EventDate "2021.08.12"]

1. d4 Nf6 2. c4 e6 3. g3 d5 4. Bg2 Bb4+ 5. Bd2 Be7 6. Nf3 O-O 7. O-O c6 8. Qc2
b6 9. Ne5 Bb7 10. Rd1 Nbd7 11. cxd5 cxd5 12. Nc6 Bxc6 13. Qxc6 Rc8 14. Qa4 Qc7
15. Nc3 Qb7 16. e3 a6 17. Qb3 Rc7 18. Rac1 Rfc8 19. Ne2 Ne8 20. Rxc7 Rxc7 21.
Rc1 Nd6 22. Rxc7 Qxc7 23. Qd1 Nc4 24. Bc3 b5 25. b3 Na3 26. Qe1 Qc8 27. e4 dxe4
28. Bxe4 Nf6 29. Bd3 Nd5 30. Bd2 Bd6 31. h4 b4 32. Be4 Nf6 33. Bg2 h6 34. Bxb4
Nc2 35. Qc3 Qxc3 36. Bxc3 Nb4 37. a4 Nfd5 38. Bd2 Nc2 39. Be4 Na1 40. Bxd5 exd5
41. b4 Nc2 42. b5 axb5 43. axb5 Bc7 44. Kg2 Na3 45. Nf4 Bxf4 46. Bxf4 Nxb5 47.
Be3 1/2-1/2